| 000 | 00530nam a2200205Ia 4500 | ||
|---|---|---|---|
| 003 | OSt | ||
| 005 | 20230526161836.0 | ||
| 008 | 210423s1979 xx 000 0 und d | ||
| 040 | _cAL | ||
| 041 | _aeng | ||
| 082 |
_a003 GILI _223 |
||
| 100 |
_aGILLETT (Billy E) _975806 |
||
| 245 | _aIntroduction to operations research | ||
| 260 |
_aNew Delhi _bTata McGrawhill _c1979 |
||
| 365 |
_b195 _cINR |
||
| 650 |
_aGeneral _975807 |
||
| 650 |
_aSystems _975808 |
||
| 906 | _aIntroduction ; operations ; research. | ||
| 942 |
_2ddc _cBK |
||
| 999 |
_c173434 _d173434 |
||